000 01125nam a22003257a 4500
003 CHAP
005 20220817042910.0
008 971013s1978 r 00010 d
010 _a59348
011 _a60320
035 _a64480
040 _cCHAP
082 _a631.522
_bC4
100 0 0 _aCervantes Santana, Tarcicio
_eed.
_921620
245 _aAnálisis de los recursos genéticos disponibles a México
260 _aChapingo, Méx. :
_bSociedad Mexicana de Fitogenética,
_c1978
300 _a492 p.
590 _aBATCH-UPD
_b10
_c20130110
_lUCH01
_h0225
590 _aBATCH-UPD
_b10
_c20130110
_lUCH01
_h0924
590 _aBATCH-UPD
_b10
_c20130409
_lUCH01
_h2247
590 _aBATCH-UPD
_b10
_c20130914
_lUCH01
_h0917
590 _aCONVERSION
_b10
_c20130109
_lUCH01
_h1332
650 1 4 _aGenética vegetal.
650 1 4 _aGenética vegetal
_xCongresos.
901 _aBK
942 _cLIBRO
949 _a631.522 C4
_bBC
_cLIBRO
_d-140498
_eLIBRO
_fc.2
_h47803
_i64480
_si
949 _a631.522 C4
_bBC
_cLIBRO
_d33724000087227
_eLIBRO
_h47802
_i64480
_si
949 _a631.522 C4
_bBC
_cLIBRO
_d33724000972683
_eLIBRO
_fc.3
_h48333
_i64480
_si
999 _c59348
_d59348